Văn bản pháp luật về văn hóa xã hội

Salvato in:
Dettagli Bibliografici
Natura: Libro
Lingua:Undetermined
Pubblicazione: Hà Nội CTQG 2002
Soggetti:
Tags: Aggiungi Tag
Nessun Tag, puoi essere il primo ad aggiungerne! !
Thư viện lưu trữ: Trung tâm Học liệu Trường Đại học Cần Thơ
LEADER 00450nam a2200169Ia 4500
001 CTU_62033
008 210402s9999 xx 000 0 und d
020 |b 47500 
082 |a 344.59709 
082 |b V115 
245 0 |a Văn bản pháp luật về văn hóa xã hội 
260 |a Hà Nội 
260 |b CTQG 
260 |c 2002 
650 |a cultural law 
904 |i Minh 
980 |a Trung tâm Học liệu Trường Đại học Cần Thơ